00582nam a2200145Ia 4500008004100000245016100041260003600202260000900238300000600247650002600253650001200279856005300291999001900344952007300363170516s9999 xx 000 0 und d aMalpractice in Radiology: What Should You Worry About?, Alessandro Cannavale, Mariangela Santoni, Paola Mancarella, Roberto Passariello, and Paolo Arbarello bRadiology Research and Practice c2013 a: xRadiologic Technology xRadtech uhttps://www.hindawi.com/journals/rrp/contents/3/ c332597d332597 001040aCLbCLd2017-05-16l0r2017-05-16 00:00:00w2017-05-16yFOJ